Statistics for Mediterranean Geography by Letter - A

Click here to take the quiz!

General Stats

  • This quiz has been taken 1,025 times
    (987 since last reset)
  • The average score is 8 of 17

Answer Stats

HintAnswer% Correct
Sea between Greece and Turkey?Aegean
93%
Sea between Italy and the Balkans?Adriatic
92%
Balkanic country?Albania
85%
Ancient Hellenic city that was head of the Delian League?Athens
83%
Arabic-named region of southern Spain?Andalusia
74%
Coastal capitol of North African country?Algiers
73%
City that contained two wonders of the ancient world? (1 official, 1 not)Alexandria
69%
Mountain range that spans much of Western North Africa?Atlas Mountains
68%
Geographical name for Turkey?Anatolia
56%
Turkish city which is Turkey's biggest sea resort, as well as having the title of 'The third most visited city in the world'?Antalya
35%
Ancient Semitic language located in and near the Levant?Aramaic
22%
Another geographical name for Turkey?Asia Minor
20%
In the top three oldest cities of Europe? (Alternatively a boat captained by Jason)Argos
20%
Mountain range that partly runs along the Mediterranean?Apennine Mountains
19%
Transitional sea between the Atlantic and the Mediterranean?Alboran
10%
Northernmost island in the Cyclades Archipelago?Andros
9%
Turkish name for the Mediterranean?Akdeniz
4%

Score Distribution

Percentile by Number Answered

Percent of People with Each Score

Your Score History

You have not taken this quiz since the last reset